| 000 | 00566nam a2200181Ia 4500 | ||
|---|---|---|---|
| 008 | 090630s9999 xx 000 0 und d | ||
| 082 | _b19345 | ||
| 100 | _aगानू स्वाती. | ||
| 245 |
_aकेक; कुकीज. _cगानू स्वाती. |
||
| 260 |
_bसंयम - पुणे. _c2000 |
||
| 300 | _a64 | ||
| 600 | _aगानू स्वाती. | ||
| 630 | _aकेक; कुकीज. | ||
| 655 | _aइतर. | ||
| 700 | _aगानू स्वाती. | ||
| 730 | _aकेक; कुकीज. | ||
| 942 | _cBOOK | ||
| 999 |
_c271201 _d271201 |
||